[Event "Titled Tuesday intern op 23rd Apr Late"]
[Site "Chess.com INT"]
[Date "2024.04.23"]
[Round "3"]
[White "Leiva Rodriguez, Jeammarco Giuseppe"]
[Black "Aung, Thant Zin"]
[Result "1-0"]
[WhiteElo "2406"]
[BlackElo "2268"]
[PlyCount "65"]
[EventDate "2024.04.23"]
[EventType "swiss (blitz)"]
[EventRounds "11"]
[EventCountry "USA"]
[SourceTitle "CB18_2024"]
[SourceDate "2024.05.01"]
[SourceVersion "1"]
[SourceVersionDate "2024.05.01"]
[SourceQuality "2"]

1. e4 c5 2. Nf3 Nc6 3. Bd3 d6 4. c3 g6 5. Bc2 Bg7 6. 0-0 Bg4 7. h3 Bxf3 8. Qxf3 Nf6 9. d3 0-0 10. Be3 Rc8 11. Nd2 Nd4 12. cxd4 cxd4 13. Bxd4 Rxc2 14. Bc3 Qc7 15. Qd1 Rxc3 16. bxc3 Qxc3 17. Nb3 Nd7 18. Rc1 Qb4 19. d4 Qa4 20. Qd2 e5 21. d5 b6 22. Rc7 Nc5 23. Nxc5 bxc5 24. Qe2 Rb8 25. Rc6 Bf8 26. Qa6 Qxe4 27. Qxa7 Rb2 28. Rc8 Kg7 29. Qa8 Be7 30. Rg8+ Kh6 31. Qe8 Bf6 32. Qxf7 Qf4 33. Rf8 1-0

[Event "Titled Tuesday intern op 27th Feb Late"]
[Site "Chess.com INT"]
[Date "2024.02.27"]
[Round "6"]
[White "Willy, Stephen"]
[Black "Leiva Rodriguez, Jeammarco Giuseppe"]
[Result "1/2-1/2"]
[WhiteElo "1990"]
[BlackElo "2398"]
[PlyCount "240"]
[EventDate "2024.02.27"]
[EventType "swiss (blitz)"]
[EventRounds "11"]
[EventCountry "USA"]
[SourceTitle "CB10_2024"]
[SourceDate "2024.03.06"]
[SourceVersion "1"]
[SourceVersionDate "2024.03.06"]
[SourceQuality "1"]

1. e4 c6 2. c4 d5 3. cxd5 cxd5 4. exd5 Nf6 5. Nc3 g6 6. Bc4 Bg7 7. d3 0-0 8. Nge2 Na6 9. 0-0 Nc7 10. Nf4 b6 11. Re1 Bb7 12. Qb3 Qd6 13. Ne4 Qd7 14. Nc3 Rad8 15. Qa3 Rfe8 16. Qxa7 Ncxd5 17. Nfxd5 Nxd5 18. Nxd5 Bxd5 19. Qxd7 Rxd7 20. Bb5 Red8 21. Bxd7 Rxd7 22. Bg5 e6 23. Be3 Bxb2 24. Rab1 Bc3 25. Rec1 Bxa2 26. Rxb6 Rxd3 27. Bh6 Rd8 28. h3 Bg7 29. Bxg7 Kxg7 30. Ra1 Rd2 31. Rb7 e5 32. Rc1 Be6 33. Kf1 Kf6 34. Ke1 Ra2 35. Rbc7 e4 36. R7c2 Ra3 37. Ke2 h5 38. Rc3 Ra2+ 39. R1c2 Ra1 40. Rc1 Ra2+ 41. R1c2 Ra8 42. Ke3 Ra4 43. Rd2 h4 44. Rd4 Rxd4 45. Kxd4 Kf5 46. Re3 Bd7 47. Kd5 Bc8 48. Kd4 Bb7 49. Rb3 Bc8 50. Rc3 Be6 51. Ke3 Ke5 52. Ra3 f5 53. Ra5+ Bd5 54. g3 g5 55. gxh4 f4+ 56. Ke2 gxh4 57. Kd2 Kd4 58. Ra4+ Bc4 59. Ra8 e3+ 60. fxe3+ fxe3+ 61. Ke1 Ke4 62. Rh8 Kf3 63. Rxh4 Be6 64. Rh8 Kg3 65. h4 Bg4 66. h5 Kh4 67. h6 Kh5 68. h7 Bf5 69. Ke2 Kh6 70. Kxe3 Bxh7 71. Rd8 Kg7 72. Kf4 Bb1 73. Ke5 Kg6 74. Rf8 Kg7 75. Rf1 Ba2 76. Kd6 Bc4 77. Rf4 Bd3 78. Ke7 Bc2 79. Rg4+ Kh8 80. Kf7 Bb3+ 81. Kf6 Bc2 82. Rc4 Bd3 83. Rd4 Bc2 84. Kf7 Bb3+ 85. Kg6 Bc2+ 86. Kh6 Bb3 87. Rd7 Be6 88. Re7 Bd5 89. Kg6 Bc4 90. Re8+ Bg8 91. Kf6 Kh7 92. Re4 Kh8 93. Rh4+ Bh7 94. Ra4 Bg8 95. Ke7 Kg7 96. Rg4+ Kh8 97. Rg2 Bh7 98. Kf6 Bd3 99. Rb2 Be4 100. Rb8+ Kh7 101. Ke7 Bf5 102. Rb6 Be4 103. Rf6 Bg6 104. Rf4 Kg7 105. Rg4 Kh7 106. Kf6 Bc2 107. Rh4+ Kg8 108. Ke7 Kg7 109. Rh2 Bd3 110. Ke6 Bc4+ 111. Ke5 Bd3 112. Rg2+ Kf7 113. Rd2 Bb1 114. Rd7+ Kg6 115. Kf4 Ba2 116. Rd6+ Kf7 117. Kg5 Ke7 118. Ra6 Bc4 119. Rb6 Bd5 120. Kf4 Bc4 1/2-1/2

[Event "Titled Tuesday intern op 13th Feb Late"]
[Site "Chess.com INT"]
[Date "2024.02.13"]
[Round "11"]
[White "Andreikin, Dmitry"]
[Black "Leiva Rodriguez, Jeammarco Giuseppe"]
[Result "1-0"]
[WhiteElo "2729"]
[BlackElo "2398"]
[PlyCount "77"]
[EventDate "2024.02.13"]
[EventType "swiss (blitz)"]
[EventRounds "11"]
[EventCountry "USA"]
[SourceTitle "CB08_2024"]
[SourceDate "2024.02.21"]
[SourceVersion "1"]
[SourceVersionDate "2024.02.21"]
[SourceQuality "1"]

1. e4 c5 2. Nc3 Nc6 3. Bb5 Nd4 4. Nf3 a6 5. Bd3 Nc6 6. 0-0 e6 7. Nd5 g6 8. Re1 Bg7 9. c3 Nge7 10. Nxe7 Qxe7 11. Bc2 e5 12. d4 exd4 13. Bg5 f6 14. Bf4 g5 15. e5 0-0 16. exf6 Qxf6 17. Bxg5 Qf7 18. Qd3 Qh5 19. Re4 d5 20. Rh4 Qg6 21. Qxg6 hxg6 22. Bxg6 Bf5 23. Bxf5 Rxf5 24. Bh6 Bf6 25. Rg4+ Kf7 26. cxd4 Nxd4 27. Nxd4 Bxd4 28. Be3 Bxe3 29. fxe3 Re8 30. Rg3 Re6 31. Rd1 b5 32. h4 a5 33. Rf1 Rxf1+ 34. Kxf1 a4 35. Rg5 Rxe3 36. Rxd5 Re4 37. Rxc5 b4 38. g3 Re3 39. Rc4 1-0

[Event "Titled Tuesday intern op 13th Feb Early"]
[Site "Chess.com INT"]
[Date "2024.02.13"]
[Round "6"]
[White "Kramnik, Vladimir"]
[Black "Leiva Rodriguez, Jeammarco Giuseppe"]
[Result "1-0"]
[WhiteElo "2753"]
[BlackElo "2398"]
[PlyCount "45"]
[EventDate "2024.02.13"]
[EventType "swiss (blitz)"]
[EventRounds "11"]
[EventCountry "USA"]
[SourceTitle "CB08_2024"]
[SourceDate "2024.02.21"]
[SourceVersion "1"]
[SourceVersionDate "2024.02.21"]
[SourceQuality "1"]

1. e4 c5 2. Nf3 d6 3. d4 cxd4 4. Nxd4 Nf6 5. Nc3 a6 6. g3 e5 7. Nf3 Be7 8. Nh4 0-0 9. Bg2 Bg4 10. Bf3 Bh3 11. Nf5 Nc6 12. g4 Nd4 13. Rg1 Nxf5 14. gxf5 d5 15. Bh6 g6 16. Bxf8 Bxf8 17. Rg3 dxe4 18. Nxe4 Qa5+ 19. c3 Nxe4 20. Bxe4 Rd8 21. Qe2 Bxf5 22. Bxf5 Bg7 23. Bc2 1-0

[Event "Titled Tuesday intern op 13th Feb Early"]
[Site "Chess.com INT"]
[Date "2024.02.13"]
[Round "11"]
[White "Leiva Rodriguez, Jeammarco Giuseppe"]
[Black "Kamsky, Gata"]
[Result "0-1"]
[WhiteElo "2398"]
[BlackElo "2623"]
[PlyCount "76"]
[EventDate "2024.02.13"]
[EventType "swiss (blitz)"]
[EventRounds "11"]
[EventCountry "USA"]
[SourceTitle "CB08_2024"]
[SourceDate "2024.02.21"]
[SourceVersion "1"]
[SourceVersionDate "2024.02.21"]
[SourceQuality "1"]

1. e4 e5 2. Nf3 Nc6 3. Bc4 Nf6 4. d3 Bc5 5. 0-0 0-0 6. Re1 a5 7. h3 h6 8. c3 d6 9. Nbd2 a4 10. Nf1 Be6 11. Bb5 a3 12. d4 axb2 13. Bxb2 Bb6 14. Bxc6 bxc6 15. dxe5 dxe5 16. Nxe5 Qxd1 17. Rexd1 Nxe4 18. Ne3 Bxe3 19. fxe3 Rfb8 20. Bc1 Rxa2 21. Rxa2 Bxa2 22. Ba3 c5 23. Ra1 Be6 24. Nd3 c4 25. Nc5 Nxc3 26. Nxe6 fxe6 27. Kf2 Ra8 28. Bb2 Rxa1 29. Bxa1 Nb5 30. Be5 h5 31. g4 hxg4 32. hxg4 Kf7 33. Ke2 g6 34. Kd2 Ke7 35. e4 Kd7 36. Kc2 Kc6 37. Kb2 Kc5 38. Kc2 Nd6 0-1

[Event "Titled Tuesday intern op 06th Feb Early"]
[Site "Chess.com INT"]
[Date "2024.02.06"]
[Round "1"]
[White "Leiva Rodriguez, Jeammarco Giuseppe"]
[Black "Khakhinov, Ilya"]
[Result "1-0"]
[WhiteElo "2398"]
[BlackElo "2236"]
[PlyCount "95"]
[EventDate "2024.02.06"]
[EventType "swiss (blitz)"]
[EventRounds "11"]
[EventCountry "USA"]
[SourceTitle "CB07_2024"]
[SourceDate "2024.02.14"]
[SourceVersion "1"]
[SourceVersionDate "2024.02.14"]
[SourceQuality "1"]

1. e4 d6 2. d4 Nf6 3. Nc3 e5 4. Nf3 Nbd7 5. Bc4 Be7 6. 0-0 0-0 7. Re1 c6 8. a4 b6 9. h3 a6 10. Be3 Bb7 11. d5 cxd5 12. Bxd5 Nxd5 13. Nxd5 Nf6 14. Bxb6 Qd7 15. c4 Rac8 16. b3 Nxd5 17. cxd5 f5 18. Nd2 Bg5 19. Nc4 Rf6 20. Be3 f4 21. Bd2 Rg6 22. Qf3 Rf8 23. Rac1 Bh4 24. Rc2 Bc8 25. Kf1 Qa7 26. Bb4 Be7 27. Rec1 Qb7 28. Ba3 Rg3 29. fxg3 fxg3 30. Qxf8+ Bxf8 31. Nxd6 Qxb3 32. Rxc8 Qxa3 33. Nf5 g6 34. R8c3 Qxa4 35. Nxg3 Qd4 36. Rc4 Qe3 37. Ne2 a5 38. R1c3 Qd2 39. Rc2 Qd1+ 40. Kf2 Bb4 41. Ng1 Kg7 42. Nf3 h5 43. Nxe5 Kf6 44. Nf3 g5 45. Rc6+ Kf7 46. Rc7+ Kf6 47. R2c6+ Bd6 48. Rxd6# 1-0

[Event "Titled Tuesday intern op 06th Feb Early"]
[Site "Chess.com INT"]
[Date "2024.02.06"]
[Round "8"]
[White "Leiva Rodriguez, Jeammarco Giuseppe"]
[Black "Vakhlamov, Igor L"]
[Result "1-0"]
[WhiteElo "2398"]
[BlackElo "2413"]
[PlyCount "109"]
[EventDate "2024.02.06"]
[EventType "swiss (blitz)"]
[EventRounds "11"]
[EventCountry "USA"]
[SourceTitle "CB07_2024"]
[SourceDate "2024.02.14"]
[SourceVersion "1"]
[SourceVersionDate "2024.02.14"]
[SourceQuality "1"]

1. e4 c5 2. Nf3 e6 3. g3 d5 4. exd5 exd5 5. Bg2 Nc6 6. 0-0 Nf6 7. d4 Be7 8. dxc5 Bxc5 9. Re1+ Be6 10. Nbd2 0-0 11. Nb3 Bb6 12. Be3 Re8 13. c3 h6 14. Qd3 Ne4 15. Rad1 Rc8 16. Bxb6 Qxb6 17. Nfd4 Ne5 18. Qb5 Qc7 19. f3 Nd6 20. Qa5 b6 21. Qa6 Nec4 22. Nxe6 fxe6 23. Re2 Kh8 24. Bh3 Qf7 25. Rf1 Rcd8 26. Nd4 Nf5 27. Bxf5 exf5 28. Rfe1 Rxe2 29. Rxe2 Re8 30. b3 Rxe2 31. Nxe2 Qe7 32. bxc4 Qxe2 33. Qc8+ Kh7 34. Qxf5+ Kh8 35. Qc8+ Kh7 36. Qf5+ Kh8 37. cxd5 Qe1+ 38. Kg2 Qxc3 39. Qf8+ Kh7 40. Qf5+ Kh8 41. Kh3 Qd4 42. Qf8+ Kh7 43. Qf5+ Kh8 44. Qe6 Qc4 45. Qe8+ Kh7 46. Qe4+ Qxe4 47. fxe4 Kg6 48. Kg4 b5 49. Kf4 a5 50. Ke3 Kf6 51. Kd4 b4 52. e5+ Kf5 53. e6 a4 54. e7 b3 55. axb3 1-0

[Event "Titled Tuesday intern op 09th Jan Early"]
[Site "Chess.com INT"]
[Date "2024.01.09"]
[Round "2"]
[White "Garrido, Denis"]
[Black "Leiva Rodriguez, Jeammarco Giuseppe"]
[Result "0-1"]
[WhiteElo "2230"]
[BlackElo "2398"]
[PlyCount "160"]
[EventDate "2024.01.09"]
[EventType "swiss (blitz)"]
[EventRounds "11"]
[EventCountry "USA"]
[SourceTitle "CB03_2024"]
[SourceDate "2024.01.17"]
[SourceVersion "1"]
[SourceVersionDate "2024.01.17"]
[SourceQuality "1"]

1. e4 c6 2. Nf3 d5 3. d3 dxe4 4. dxe4 Qxd1+ 5. Kxd1 h5 6. c3 h4 7. h3 Nf6 8. Nbd2 Nbd7 9. Kc2 e5 10. Ne1 Nc5 11. f3 Nh5 12. b4 Ne6 13. Nc4 f6 14. Be3 b6 15. Rg1 Ng3 16. Bd3 Kd8 17. a4 Kc7 18. a5 b5 19. Nd2 Nf4 20. c4 Nxd3 21. Nxd3 bxc4 22. Nxc4 Ba6 23. Kb3 Rd8 24. Rgd1 Kb7 25. Nc5+ Bxc5 26. Bxc5 Bxc4+ 27. Kxc4 Nh5 28. a6+ Kc7 29. Bxa7 Rxd1 30. Rxd1 Ra8 31. Bc5 Rxa6 32. Rd2 Nf4 33. Bd6+ Kc8 34. Bf8 Ne6 35. Bc5 Ra1 36. Rc2 Rb1 37. Bb6 Kb7 38. Bc5 Kc7 39. Be7 Kc8 40. Bc5 Kb7 41. Bf2 Kc7 42. Bxh4 Rd1 43. Bf2 Nf4 44. Be3 Ne6 45. g4 Rh1 46. g5 fxg5 47. Rg2 Rxh3 48. Bxg5 Rxf3 49. Bd2 Rf7 50. Bc3 Nd4 51. Bxd4 exd4 52. Kxd4 Kb6 53. Rg5 Rd7+ 54. Ke5 Re7+ 55. Kf5 Kb5 56. e5 Kxb4 57. e6 c5 58. Rg4+ c4 59. Ke5 Kb3 60. Kd6 Re8 61. Kd7 Ra8 62. e7 c3 63. Rg6 Ra7+ 64. Kd8 c2 65. Rb6+ Ka2 66. e8Q Ra8+ 67. Ke7 Rxe8+ 68. Kxe8 c1Q 69. Ra6+ Kb3 70. Rb6+ Ka4 71. Ra6+ Kb5 72. Rg6 Qe3+ 73. Kf7 Qf4+ 74. Kxg7 Kc5 75. Rf6 Qg5+ 76. Kf7 Kd5 77. Rg6 Qh5 78. Kg7 Ke5 79. Ra6 Qg4+ 80. Kf8 Qc8+ 0-1

[Event "Titled Tuesday intern op 09th Jan Early"]
[Site "Chess.com INT"]
[Date "2024.01.09"]
[Round "8"]
[White "Leiva Rodriguez, Jeammarco Giuseppe"]
[Black "Madaminov, Mukhiddin"]
[Result "0-1"]
[WhiteElo "2398"]
[BlackElo "2488"]
[PlyCount "94"]
[EventDate "2024.01.09"]
[EventType "swiss (blitz)"]
[EventRounds "11"]
[EventCountry "USA"]
[SourceTitle "CB03_2024"]
[SourceDate "2024.01.17"]
[SourceVersion "1"]
[SourceVersionDate "2024.01.17"]
[SourceQuality "1"]

1. d4 e6 2. Nf3 Nf6 3. Bf4 b6 4. e3 Bb7 5. Nbd2 g6 6. c3 Bg7 7. Bd3 0-0 8. 0-0 d6 9. Qe2 Nbd7 10. Ba6 Qc8 11. Bxb7 Qxb7 12. e4 b5 13. a4 a6 14. b4 Qc6 15. Rfc1 Nb6 16. a5 Nc4 17. Nxc4 bxc4 18. Nd2 d5 19. Be5 Rae8 20. Bxf6 Bxf6 21. e5 Bg7 22. f4 f6 23. Nf3 fxe5 24. Nxe5 Bxe5 25. Qxe5 Qd6 26. Rf1 Rf5 27. Qe3 Ref8 28. g3 R8f6 29. Rae1 Kf7 30. Qd2 h5 31. Kg2 Ke8 32. Re5 Kd7 33. Qc2 Qc6 34. Rfe1 Rxe5 35. Rxe5 Rf5 36. h3 Kc8 37. Kf3 Kb7 38. g4 hxg4+ 39. hxg4 Rxe5 40. fxe5 Qe8 41. Qd2 Qh8 42. Qg5 Qh1+ 43. Ke2 Qe4+ 44. Kf2 Qc2+ 45. Kg1 Qxc3 46. Qf6 Qxd4+ 47. Kf1 c3 0-1

[Event "Titled Tuesday intern op 09th Jan Early"]
[Site "Chess.com INT"]
[Date "2024.01.09"]
[Round "5"]
[White "Leiva Rodriguez, Jeammarco Giuseppe"]
[Black "Valle Luis, Leo"]
[Result "1-0"]
[WhiteElo "2398"]
[BlackElo "2257"]
[PlyCount "53"]
[EventDate "2024.01.09"]
[EventType "swiss (blitz)"]
[EventRounds "11"]
[EventCountry "USA"]
[SourceTitle "CB03_2024"]
[SourceDate "2024.01.17"]
[SourceVersion "1"]
[SourceVersionDate "2024.01.17"]
[SourceQuality "1"]

1. d4 Nf6 2. Nf3 e6 3. Bf4 d5 4. e3 Bd6 5. Nbd2 0-0 6. c3 c5 7. Ne5 Qc7 8. Bd3 Nbd7 9. Ndf3 b6 10. 0-0 Bb7 11. Qe2 Rad8 12. Rad1 Ne4 13. Nxd7 Rxd7 14. Bxd6 Nxd6 15. Ne5 Re7 16. f4 f6 17. Ng6 hxg6 18. Bxg6 Rd8 19. Qh5 Nf7 20. Rf3 Kf8 21. Rh3 Nh6 22. g4 cxd4 23. g5 Ng8 24. cxd4 e5 25. fxe5 Re6 26. Rf1 Ke7 27. Qh8 1-0

[Event "Wch Blitz"]
[Site "Samarkand"]
[Date "2023.12.30"]
[Round "14"]
[White "Demchenko, Anton"]
[Black "Leiva Rodriguez, Jeammarco Giuseppe"]
[Result "1-0"]
[WhiteElo "2609"]
[BlackElo "2398"]
[PlyCount "73"]
[EventDate "2023.12.29"]
[EventType "swiss (blitz)"]
[EventRounds "21"]
[EventCountry "UZB"]
[SourceTitle "CB01_2024"]
[SourceDate "2024.01.03"]
[SourceVersion "1"]
[SourceVersionDate "2024.01.03"]
[SourceQuality "1"]

1. e4 c6 2. d4 d5 3. e5 Bf5 4. Bd3 Bxd3 5. Qxd3 e6 6. c3 c5 7. Ne2 Nc6 8. 0-0 Qb6 9. a3 a5 10. Nd2 Nh6 11. Nf3 Nf5 12. g4 Nfe7 13. Ng3 a4 14. Nh5 Ng6 15. Rb1 cxd4 16. cxd4 Qa6 17. Qd1 Na5 18. Qxa4+ b5 19. Qd1 Nc4 20. Bd2 Ne7 21. Bb4 Nc6 22. Bxf8 Kxf8 23. Qc1 h6 24. Qf4 Qa7 25. Rfc1 Rc8 26. Kg2 Qe7 27. Rc3 g6 28. Nf6 Kg7 29. Rbc1 N4a5 30. h4 Na7 31. Rxc8 Rxc8 32. Rxc8 Nxc8 33. h5 Nc4 34. g5 Qf8 35. gxh6+ Kh8 36. Ng5 Ne7 37. Nd7 1-0

[Event "Wch Blitz"]
[Site "Samarkand"]
[Date "2023.12.30"]
[Round "18"]
[White "Leiva Rodriguez, Jeammarco Giuseppe"]
[Black "Bologan, Viktor"]
[Result "0-1"]
[WhiteElo "2398"]
[BlackElo "2586"]
[PlyCount "96"]
[EventDate "2023.12.29"]
[EventType "swiss (blitz)"]
[EventRounds "21"]
[EventCountry "UZB"]
[SourceTitle "CB01_2024"]
[SourceDate "2024.01.03"]
[SourceVersion "1"]
[SourceVersionDate "2024.01.03"]
[SourceQuality "1"]

1. d4 Nf6 2. Nf3 e6 3. Bf4 b6 4. e3 Bb7 5. Bd3 c5 6. c3 Be7 7. h3 0-0 8. 0-0 d6 9. Re1 cxd4 10. cxd4 d5 11. Nc3 a6 12. Ne5 Nbd7 13. Bg3 b5 14. Rc1 Rc8 15. Bb1 Ne4 16. Nxe4 dxe4 17. Nxd7 Qxd7 18. Qd2 Bd6 19. Bxd6 Qxd6 20. Rxc8 Rxc8 21. Rc1 Rd8 22. Qc3 Bd5 23. Qc7 h5 24. h4 b4 25. Qxd6 Rxd6 26. Rc5 f5 27. Kh2 Kf7 28. Kg3 Kf6 29. Kf4 Rd8 30. Bc2 Rg8 31. f3 g5+ 32. hxg5+ Rxg5 33. fxe4 fxe4 34. Bd1 Rxg2 35. Bxh5 Rf2+ 36. Kg3 Rxb2 37. Rc7 Rxa2 38. Kf4 Rf2+ 39. Kg4 Rg2+ 40. Kf4 Rg7 41. Rc8 b3 42. Rf8+ Ke7 43. Rb8 Kd6 44. Rb6+ Kc7 45. Rb4 a5 46. Rb5 a4 47. Be8 a3 48. Rc5+ Kd6 0-1

[Event "Wch Blitz"]
[Site "Samarkand"]
[Date "2023.12.30"]
[Round "19"]
[White "Leiva Rodriguez, Jeammarco Giuseppe"]
[Black "Markov, Mikhail2"]
[Result "0-1"]
[WhiteElo "2398"]
[BlackElo "2283"]
[PlyCount "58"]
[EventDate "2023.12.29"]
[EventType "swiss (blitz)"]
[EventRounds "21"]
[EventCountry "UZB"]
[SourceTitle "CB01_2024"]
[SourceDate "2024.01.03"]
[SourceVersion "1"]
[SourceVersionDate "2024.01.03"]
[SourceQuality "1"]

1. d4 Nf6 2. Nf3 e6 3. Bf4 d5 4. e3 c5 5. c3 Bd6 6. Nbd2 0-0 7. Bg3 Qc7 8. dxc5 Qxc5 9. Bd3 b6 10. Qe2 a5 11. e4 Be7 12. e5 Nfd7 13. h4 Ba6 14. Bxh7+ Kxh7 15. Ng5+ Kg6 16. Qg4 f5 17. exf6 Nxf6 18. Qxe6 Qc8 19. Qe3 Bc5 20. Qf3 Re8+ 21. Kd1 Be2+ 22. Qxe2 Rxe2 23. Kxe2 Qg4+ 24. Ndf3 Nc6 25. h5+ Nxh5 26. Rh4 Nxg3+ 27. fxg3 Qxg3 28. Rf1 Qxg2+ 29. Ke1 Re8+ 0-1

[Event "Wch Blitz"]
[Site "Samarkand"]
[Date "2023.12.29"]
[Round "11"]
[White "Leiva Rodriguez, Jeammarco Giuseppe"]
[Black "Pranav, V."]
[Result "1-0"]
[WhiteElo "2398"]
[BlackElo "2611"]
[PlyCount "114"]
[EventDate "2023.12.29"]
[EventType "swiss (blitz)"]
[EventRounds "21"]
[EventCountry "UZB"]
[SourceTitle "CB01_2024"]
[SourceDate "2024.01.03"]
[SourceVersion "1"]
[SourceVersionDate "2024.01.03"]
[SourceQuality "1"]

1. d4 Nf6 2. Nf3 e6 3. Bf4 b6 4. e3 Bb7 5. Bd3 c5 6. c3 Be7 7. h3 0-0 8. 0-0 d6 9. Re1 Nbd7 10. e4 Re8 11. Nbd2 Nf8 12. Nf1 Ng6 13. Bg5 a6 14. Ng3 Rc8 15. a4 Nd7 16. Be3 Rc7 17. Bd2 Qa8 18. Qe2 Nf6 19. Rad1 Rcc8 20. Nh2 Rcd8 21. Ng4 Nxg4 22. Qxg4 Bc6 23. Ra1 Qb7 24. f4 cxd4 25. cxd4 Nf8 26. f5 g6 27. Bc3 e5 28. Qf3 Bh4 29. d5 Bd7 30. Rf1 Bc8 31. Bd2 f6 32. Qg4 Bxg3 33. Qxg3 g5 34. h4 h6 35. hxg5 hxg5 36. Kf2 Re7 37. Rh1 Rh7 38. Bxg5 Rg7 39. Rh8+ Kxh8 40. Qh4+ Nh7 41. Bxf6 Rf8 42. Bxg7+ Qxg7 43. Rh1 Bd7 44. g4 Kg8 45. g5 Be8 46. Ke2 Rf7 47. g6 Rc7 48. gxh7+ Kh8 49. Qf2 Qg4+ 50. Kd2 Qg5+ 51. Ke2 Bh5+ 52. Rxh5 Qxh5+ 53. Kd2 Qg5+ 54. Ke2 Rxh7 55. Kd1 Rh3 56. Kc2 Rg3 57. Qxb6 Rg2+ 1-0

[Event "Wch Blitz"]
[Site "Samarkand"]
[Date "2023.12.29"]
[Round "10"]
[White "Leiva Rodriguez, Jeammarco Giuseppe"]
[Black "Suyarov, Mukhammadzokhid"]
[Result "0-1"]
[WhiteElo "2398"]
[BlackElo "2359"]
[PlyCount "76"]
[EventDate "2023.12.29"]
[EventType "swiss (blitz)"]
[EventRounds "21"]
[EventCountry "UZB"]
[SourceTitle "CB01_2024"]
[SourceDate "2024.01.03"]
[SourceVersion "1"]
[SourceVersionDate "2024.01.03"]
[SourceQuality "1"]

1. d4 e6 2. Nf3 Nf6 3. Bf4 d5 4. e3 c5 5. c3 Nc6 6. Nbd2 Be7 7. Ne5 Qb6 8. Qb3 Nd7 9. Ndf3 0-0 10. Be2 Ndxe5 11. dxe5 Bd7 12. Qc2 f5 13. exf6 Bxf6 14. Ng5 Bxg5 15. Bxg5 e5 16. e4 d4 17. Bc4+ Kh8 18. 0-0 Rae8 19. Bd5 Ne7 20. Bxe7 Rxe7 21. Rac1 Bb5 22. c4 Bd7 23. Rcd1 Qg6 24. Rd3 b6 25. Qd2 Rf4 26. Rg3 Qf6 27. a3 h5 28. b4 h4 29. Rb3 Bg4 30. bxc5 bxc5 31. g3 Rf3 32. Rb8+ Kh7 33. Rfb1 Rxa3 34. Rd8 h3 35. Rc1 Qf3 36. Bg8+ Kg6 37. Rd6+ Kh5 38. Rh6+ gxh6 0-1